000 00643nam a2200277Ia 4500
005 20260324125101.0
008 008 260324s9999 xx 000 0 eng d
020 _a9780429249211
037 _aEBOOK
040 _aCRL
040 _beng
040 _cCRL
041 _2eng
041 _aeng
084 _qCRL
100 _aSteven A. Koehler; Peggy A. Brown
_91176626
245 0 _aForensic Epidemiology
260 _bTaylor and Francis
260 _c2009
365 _a
365 _b255
856 _uhttp://www.taylorfrancis.com/books/9780429249211
942 _cEBOOK
999 _c1771574
_d1771574